Defensa de la libertad

Guardat en:
Dades bibliogràfiques
Autor principal: Rinuccini, Alamanno (Autor)
Format: Llibre
Idioma:espanyol
Publicat: Buenos Aires Losada 1952
Col·lecció:Colección Tradición y Tarea
Matèries:
Etiquetes: Afegir etiqueta
Sense etiquetes, Sigues el primer a etiquetar aquest registre!

MARC

LEADER 00000nam a2200000 a 4500
001 UCV8525
003 CL-VaPUC
008 910923e19520000AG |||||||||||||||||spa|d
082 0 4 |a 123  |b RIN  |2 21 
100 0 |a Rinuccini, Alamanno  |e author  |9 302562 
245 1 0 |a Defensa de la libertad 
300 |a 206 p 
942 |c BK 
945 |d 19910923 00:00:00 
260 |a Buenos Aires  |b Losada  |c 1952 
650 0 |a Libertad  |9 255686 
650 0 |a Humanismo  |9 256530 
583 |a last modification  |c 19910923 00:00:00  |k Rodrigo Vera 
490 0 |a Colección Tradición y Tarea 
999 |c 214028  |d 214026 
952 |0 0  |1 0  |4 0  |6 123_000000000000000_RIN_1952  |7 0  |8 P  |9 197023  |a BIBARQ  |b BIBARQ  |d 2019-11-14  |i 2647737  |o 123 RIN 1952  |p 2647737  |r 2025-01-20  |w 2019-11-14  |y BK  |k ARQ 
952 |0 0  |1 0  |4 0  |6 123_000000000000000_RIN_1952  |7 0  |8 P  |9 197024  |a BIBEDU  |b BIBEDU  |c BIBEDU_PB  |d 2019-11-14  |i 1583603  |o 123 RIN 1952  |p 1583603  |r 2024-01-25  |w 2019-11-14  |y BK  |k FIL